Acquisition and Loss of Nationality|Volume 2: Country Analyses (Record no. 12749)
[ view plain ]
| 000 -LEADER | |
|---|---|
| fixed length control field | 00646nam a2200121Ia 4500 |
| 008 - FIXED-LENGTH DATA ELEMENTS--GENERAL INFORMATION | |
| fixed length control field | 220615s9999||||xx |||||||||||||| ||und|| |
| 245 #0 - TITLE STATEMENT | |
| Title | Acquisition and Loss of Nationality|Volume 2: Country Analyses |
| Remainder of title | Policies and Trends in 15 European Countries |
| 546 ## - LANGUAGE NOTE | |
| Language note | English[eng] |
| 650 ## - SUBJECT ADDED ENTRY--TOPICAL TERM | |
| Topical term or geographic name entry element | wetenschap algemeen||popular science |
| 700 ## - ADDED ENTRY--PERSONAL NAME | |
| Personal name | Groenendijk, Kees||Ersbøll, Eva||Waldrauch, Harald||Bauböck, Rainer |
| 856 ## - ELECTRONIC LOCATION AND ACCESS | |
| Uniform Resource Identifier | <a href="https://library.oapen.org/bitstream/20.500.12657/35189/1/340146.pdf||https://library.oapen.org/bitstream/20.500.12657/35189/1/340146.pdf||https://library.oapen.org/bitstream/20.500.12657/35189/1/340146.pdf">https://library.oapen.org/bitstream/20.500.12657/35189/1/340146.pdf||https://library.oapen.org/bitstream/20.500.12657/35189/1/340146.pdf||https://library.oapen.org/bitstream/20.500.12657/35189/1/340146.pdf</a> |
| 942 ## - ADDED ENTRY ELEMENTS (KOHA) | |
| Koha item type | E-Books |
| Withdrawn status | Lost status | Damaged status | Not for loan | Home library | Current library | Date acquired | Total Checkouts | Date last seen | Price effective from | Koha item type |
|---|---|---|---|---|---|---|---|---|---|---|
| Kerala University of Digital Sciences, Innovation and Technology Knowledge Centre | Kerala University of Digital Sciences, Innovation and Technology Knowledge Centre | 15/06/2022 | 15/06/2022 | 15/06/2022 | E-Books |